00472nam a2200169Ia 450000500170000000800410001704000190005804100120007708200150008910000210010424500620012526000360018730000110022365000350023470000230026985000100029220230417114640.0131103s9999 xx 000 0 und d aLoreto College aEnglish a823.6bSMO aSmollett, Tobias aPeregrine picklecTobias Smollett; edited by Walter Allen aLondonbJ. M. dent & sonsc1956 a274p.  aEnglish literature- ciriticism aAllen, Walter; ed. aLCLIB